2010's Movie by Screenshot #5 - Statistics

General Stats
  • This quiz has been taken 252 times
  • The average score is 10 of 20
Answer Stats
Picture Answer % Correct
Finding Dory
89%
The Hobbit
84%
Suicide Squad
83%
Alice in Wonderland
80%
The Martian
73%
Venom
71%
Man of Steel
65%
A Quiet Place
61%
Shutter Island
53%
Lady Bird
50%
Isle of Dogs
46%
Perks of Being a Wallflower
46%
Arrival
42%
Hot Tub Time Machine
37%
The Gentlemen
29%
About Time
27%
Enemy
16%
Seven Psychopaths
15%
The Master
13%
Loving Vincent
11%
No matching quizzes found
Score Distribution
Percent of People with Each Score
Percentile by Number Answered
Your Score History
You have not taken this quiz